00910cam a2200277 a 450000100060000000300100000600500170001600700030003300800410003602000150007704000260009208200160011810000250013424500520015925000180021130000470022933600270027633700330030333800280033649000490036450000580041350000420047152100310051365000490054470000390059358274CO-BoRNBP20250820224433.0ta001019s1991 ck a gr 0000 j0spa d a9580414262 aCO-BoBNbspacCO-BoBN04a895.6352231 aKasza, Keiko,d1951-13aEl día de campo de don chancho /cKeiko Kasza a1a. edición a[30] p :bprincipalmente il. col. ;c24 cm 2rdacontentatextobtxt 2rdamediaasin mediaciónbn 2rdacarrieravolumenbnc0 aBuenas noches ; La biblioteca de los niños aCoedición: Instituto Distrital de Cultura y Turismo aIncluye datos biográficos del autor aPara niños de 0-7 años14aCuentos infantiles japonesesySiglo XX2LEMB1 aGuhl, Mercedes,d1968-,etraductor